Victoires de l'artiste féminine - Statistiques

Statistiques générales
  • Ce quiz a été pris 18 fois
  • Le résultat moyen est 14 sur 40
Statistiques - réponses
Année Victoire % Correct
1987 France Gall
71%
1993 Véronique Sanson
71%
1996 Véronique Sanson
71%
1991 Patricia Kaas
65%
1990 Vanessa Paradis
59%
2008 Vanessa Paradis
59%
2014 Vanessa Paradis
59%
2023 Angèle
53%
2020 Clara Luciani
53%
2022 Clara Luciani
53%
1988 Mylène Farmer
53%
1998 Zazie
53%
2002 Zazie
53%
2024 Aya Nakamura
41%
1986 Catherine Lara
41%
2001 Héléne Segara
41%
1992 Jane Birkin
35%
2025 Zaho de Sagazan
35%
2012 Catherine Ringer
29%
2018 Charlotte Gainsbourg
29%
2005 Francoise Hardy
29%
2006 Juliette
29%
2021 Pomme
29%
1999 Axelle Red
24%
1994 Barbara
24%
1997 Barbara
24%
1985 Jeanne Mas
24%
2007 Olivia Ruiz
24%
2010 Olivia Ruiz
24%
2011 Yael Naim
24%
2016 Yael Naim
24%
2009 Camille
18%
2003 Lynda Lemay
18%
2004 Carla Bruni
12%
1995 Enzo Enzo
12%
2017 Jain
12%
2019 Jeanne Added
12%
2013 Lou Doillon
12%
2015 Christine and The Queens
6%
2000 Natacha Atlas
6%
Aucun quiz correspondant
Distribution des résultats
% des personnes avec chaque résultat
Percentile par nombre de réponses
Votre historique - résultats
Vous n’avez pas pris ce quiz